Welcome to CU Library Online Public Access Catalogue (OPAC)

Medical Statistics at a Glance Workbook (Record no. 8485)

MARC details
000 -LEADER
fixed length control field 00468nam a22001577a 4500
005 - DATE AND TIME OF LATEST TRANSACTION
control field 20251202151056.0
008 - FIXED-LENGTH DATA ELEMENTS--GENERAL INFORMATION
fixed length control field 251202b |||||||| |||| 00| 0 eng d
020 ## - INTERNATIONAL STANDARD BOOK NUMBER
International Standard Book Number 9780470658482
050 ## - LIBRARY OF CONGRESS CALL NUMBER
Classification number R853 .S7
Item number P4762
100 ## - MAIN ENTRY--PERSONAL NAME
Personal name Petrie, Aviva
245 ## - TITLE STATEMENT
Title Medical Statistics at a Glance Workbook
Statement of responsibility, etc. Aviva Petrie & Caroline Sabin
260 ## - PUBLICATION, DISTRIBUTION, ETC.
Place of publication, distribution, etc. Hoboken, New Jersey
Name of publisher, distributor, etc. Wiley-Blackwell
Date of publication, distribution, etc. 2013
300 ## - PHYSICAL DESCRIPTION
Extent 120p.
Other physical details ill.
Dimensions 28cm
700 ## - ADDED ENTRY--PERSONAL NAME
Personal name Sabin, Caroline
942 ## - ADDED ENTRY ELEMENTS (KOHA)
Source of classification or shelving scheme Library of Congress Classification
Koha item type Books
Suppress in OPAC No
999 ## -
-- 8485
-- 8485
Holdings
Withdrawn status Lost status Source of classification or shelving scheme Damaged status Not for loan Collection Home library Current library Shelving location Date acquired Total checkouts Full call number Barcode Date last seen Copy number Price effective from Koha item type
    Library of Congress Classification     Non-fiction Science Library (Miotso) Science Library (Miotso) General stacks 12/02/2025   R853 .S7 P4762 PET SLM00006518 12/02/2025 1 12/02/2025 Books
© 2023-2024 Copyright: Central University Libraries. All Rights Reserved | Created by: Mahone Tech Office